Las guerras civiles. Una historia en ideas

محفوظ في:
التفاصيل البيبلوغرافية
المؤلف الرئيسي: Armitage, David (autor)
مؤلفون آخرون: Galmarini, Marco Aurelio (traducción)
التنسيق: غير معروف
اللغة:الإنجليزية
منشور في: Madrid, España: Alianza, 2018
الموضوعات:
الوسوم: إضافة وسم
لا توجد وسوم, كن أول من يضع وسما على هذه التسجيلة!

MARC

LEADER 00000 a2200000 4500
003 CL-VaPUC
005 20220407083532.0
008 220301b2018 ||||| |||| 00| 0 eng d
999 |c 434616  |d 434614 
020 |a 978-84-9181-050-6 
040 |c Pontificia Universidad Católica de Valparaíso 
082 |a 355.0218 ARM 2018  |2 22 
100 1 |a Armitage, David  |9 866742  |e autor 
245 1 4 |a Las guerras civiles.   |b Una historia en ideas 
260 |a Madrid, España:  |b Alianza,  |c 2018 
300 |a 318 páginas 
583 |k Sebastián Perez  |c 20220301 
650 0 |a Guerra civil  |9 320243  |x Aspectos económicos  
650 0 |a Historia militar   |9 268297 
650 0 |a Política   |x Filosofía  |9 867175 
700 1 |a Galmarini, Marco Aurelio  |e traducción  |9 866789 
942 |2 ddc  |c BK 
952 |0 0  |1 0  |2 ddc  |4 0  |6 355_021800000000000_ARM_2018  |7 0  |8 A  |9 581555  |a BIBHIS  |b BIBHIS  |c GEN  |d 2022-03-01  |e 3  |g 27879.00  |i 5647746  |l 7  |o 355.0218 ARM 2018  |p 5647746  |r 2025-01-20  |s 2022-09-28  |t 1  |v 27879.00  |w 2022-03-01  |y BK  |k HIS